Master serie

Korporativní autor: Šlapeto (hudební skupina)
Jazyk: Čeština
Vydáno: Praha : Venkow Records, c2001
Témata:
Fyzický popis: 1 zvuková deska : digital ; 12 cm + 1 leták (12 x 24 cm)
Zvukové nahrávky
Uloženo v:
LEADER 01492njm a2200313 a 4500
001 000590985
003 CZ BrMZK
005 20020410130346.0
008 020319s2001 xr f cze d
028 0 1 |a 014409-2  |b Venkow Records 
040 |a BOA001  |b cze 
080 |a (086.7)  |2 MRF 
080 |a 785.16  |2 MRF 
080 |a 784.4  |2 MRF 
110 2 |a Šlapeto (hudební skupina)  |7 kn20010710323  |4 prf 
245 1 0 |a Master serie  |h [zvukový záznam] 
260 |a Praha :  |b Venkow Records,  |c c2001 
300 |a 1 zvuková deska :  |b digital ;  |c 12 cm +  |e 1 leták (12 x 24 cm) 
500 |a Natočeno ve studiu Lumeco ve Stodůlkách 1999-2000 
500 |a Kompaktní deska 
505 0 0 |t Ne a nebudem se ženiti --  |t Nad Prahou tančily hvězdičky --  |t Na Pankráci --  |t My jsme ti chlapi plešatí --  |t Kostelíček --  |t Hlavně - chovat se mravně! --  |t Švestkové knedlíky --  |t Já jsem sirotek --  |t Na té stráni za Třebání --  |t Já mám automobil --  |t Já mám doma gramofon --  |t Radiofanoušek --  |t Já mám tramway novou --  |t To jsou dnešní časy --  |t Požární automat --  |t Letec Gauber --  |t Máte krystal, nebo co? --  |t Po roce dva tisíce 
511 0 |a Šlapeto 
650 0 7 |a populární písně  |7 ph124354  |x úpravy  |2 czenas 
650 0 7 |a lidové písně  |7 ph122317  |x úpravy  |2 czenas 
655 4 |a populární hudba 
655 4 |a lidové písně 
910 |a BOA001  |b CD-0010.226 
990 |a AV 
996 6 |b 261H011112  |c CD-0010.226  |l MZK  |r Sklad / do 24 hodin  |n 0  |w 000590985  |u 000010  |a 1  |e BOA001  |j MZK50  |s P